Biblioteca

El Dios de la vida y el resurgimiento de la religión (Registro nro. 64868)

Detalles MARC
000 -LÍDER
Campo fijo de descripción fija 00993nas a22002054i 4500
001 - NÚMERO DE CONTROL
Campo de control 768714001
003 - IDENTIFICADOR DEL NÚMERO DE CONTROL
Campo de control CO-MdFUSB
005 - FECHA Y HORA DE LA ULTIMA TRANSACCIÓN
control field 20190306122131.0
008 - ELEMENTOS DE LONGITUD FIJA -- INFORMACIÓN GENERAL
Campo fijo de descripción fija -- Información general 190306s1995 sp ||||| |||| 00| 0 spa d
022 ## - NÚMERO INTERNACIONAL NORMALIZADO PARA PUBLICACIONES SERIADAS
Número Internacional Normalizado para Publicaciones Seriadas 0210-1041
040 ## - FUENTE DE CATALOGACIÓN
Agencia Catalogadora CO-MdFUSB
Idioma de catalogación spa
Agencia que realiza la transcripción CO-MdFUSB
Agencia que realiza la modificación CO-MdFUSB
041 ## - CÓDIGO DE IDIOMA
Código de idioma para texto/pista de sonido o título separado spa
100 ## - ASIENTO PRINCIPAL--NOMBRE PERSONAL
Nombre personal Richard, Pablo
Término relacionador autor
245 03 - TÍTULO
Título El Dios de la vida y el resurgimiento de la religión
Mención de responsabilidad / Pablo Richard
300 ## - DESCRIPCIÓN FÍSICA
Extensión Número 258 (1995), páginas 341-350
Dimensiones : 21 cm
520 ## - NOTA DE RESUMEN, ETC.
Nota de sumario, etc. Es un hecho evidente en la actualidad el resurgimiento de la dimensión religiosa y mística. No se trata, sin embargo, de la religión institucional, sino de una revitalización de las raíces religiosas profundas del pueblo. Propongo distinguir dos dimensiones religiosas: una oficial y otra popular
650 #7 - ASIENTO SECUNDARIO DE MATERIA - TERMINO TEMÁTICO
9 (RLIN) 385
Término temático o nombre geográfico como elemento de entrada Religión
773 0# - ASIENTO DE ITEM FUENTE
Biblionumber 49450
Itemnumber 60422
Otro identificador del ítem R0850
Título Revista internacional de teología Concilium
Número de control del registro (CO-MdFUSB)8
Número Internacional Normalizado para Publicaciones Seriadas (ISSN) 0210-1041
Parte(s) relacionada(s) / Volumen., número. (mes año), páginas Número 258 (1995), páginas 341-350
Enumeración y primera página Página 341
942 ## - TIPO DE MATERIAL (KOHA)
Tipo de Item KOHA Libros General
Existencias
Expurgo - (Retirado) Estado de Perdido Estado de Dañado No prestable Colección Ubicación habitual Ubicación actual Fecha de Adquisición Tipo de Material
        Colección de Hemeroteca Biblioteca FUSBC Biblioteca FUSBC 06/03/2019 Libros General

Biblioteca FUSBC | Teléfono: (57+4) 349 88 10 Ext. 141| WhatsApp (+57) 3005338115 
E-mail: biblioteca@unisbc.edu.co | Calle 76 87-14 Robledo Palenque, Medellín, Colombia

Con tecnología Koha